000
00266nam a2200109Ia 4500
008
230907s9999||||xx |||||||||||||| ||und||
082
_a
153.43
_b
CHA
100
_a
Chaffee, John.
_9
116135
245
0
_a
Thinking critically /
300
_a
xx, 587 pages ;
942
_c
BK
999
_c
601159
_d
601159